| 000 | 00544nam a2200205Ia 4500 | ||
|---|---|---|---|
| 003 | OSt | ||
| 005 | 20250408104133.0 | ||
| 008 | 210719s2008 xx 000 0 und d | ||
| 040 | _cal | ||
| 041 | _akan | ||
| 082 | _aK894.4 VISP | ||
| 100 |
_aVISHAKHA (N) _9197734 _dವಿಶಾಖ (ಎನ್) |
||
| 245 |
_afourth umpire _bಫೋರ್ತ್ ಅಂಪೈರ್ |
||
| 260 |
_aBengaluru _c2008 |
||
| 300 |
_ax,190 _bPB |
||
| 365 |
_b100 _cRs |
||
| 650 |
_aKannada literature _9197735 |
||
| 650 |
_aKannada Prose _9197736 |
||
| 942 |
_2ddc _cBK |
||
| 999 |
_c215328 _d215328 |
||